Twentieth-century world history / (Record no. 13928)

000 -LEADER
fixed length control field 01166cam a2200301 a 4500
001 - CONTROL NUMBER
control field 14590634
005 - DATE AND TIME OF LATEST TRANSACTION
control field 20170105102842.0
008 - FIXED-LENGTH DATA ELEMENTS--GENERAL INFORMATION
fixed length control field 061011s2006 cauab b 001 0 eng
010 ## - LIBRARY OF CONGRESS CONTROL NUMBER
LC control number 2006936431
020 ## - INTERNATIONAL STANDARD BOOK NUMBER
International Standard Book Number 9780495095927
020 ## - INTERNATIONAL STANDARD BOOK NUMBER
International Standard Book Number 0495095923
040 ## - CATALOGING SOURCE
Original cataloging agency DLC
Transcribing agency DLC
Modifying agency DLC
050 00 - LIBRARY OF CONGRESS CALL NUMBER
Classification number D421
Item number .D86 2007
082 ## - DEWEY DECIMAL CLASSIFICATION NUMBER
Classification number 909.82
100 1# - MAIN ENTRY--PERSONAL NAME
Personal name Duiker, William J.,
Dates associated with a name 1932-
245 10 - TITLE STATEMENT
Title Twentieth-century world history /
Statement of responsibility, etc. William J. Duiker.
250 ## - EDITION STATEMENT
Edition statement 4th ed.
260 ## - PUBLICATION, DISTRIBUTION, ETC.
Place of publication, distribution, etc. Belmont, CA, USA :
Name of publisher, distributor, etc. Thomson Wadsworth,
Date of publication, distribution, etc. c2007.
300 ## - PHYSICAL DESCRIPTION
Extent xiii, 346 p. :
Other physical details ill. (some col.), col. maps ;
Dimensions 26 cm.
504 ## - BIBLIOGRAPHY, ETC. NOTE
Bibliography, etc. note Includes bibliographical references and index.
650 #0 - SUBJECT ADDED ENTRY--TOPICAL TERM
Topical term or geographic name entry element History, Modern
Chronological subdivision 20th century.
856 42 - ELECTRONIC LOCATION AND ACCESS
Materials specified Contributor biographical information
Uniform Resource Identifier <a href="http://www.loc.gov/catdir/enhancements/fy1104/2006936431-b.html">http://www.loc.gov/catdir/enhancements/fy1104/2006936431-b.html</a>
856 42 - ELECTRONIC LOCATION AND ACCESS
Materials specified Publisher description
Uniform Resource Identifier <a href="http://www.loc.gov/catdir/enhancements/fy1104/2006936431-d.html">http://www.loc.gov/catdir/enhancements/fy1104/2006936431-d.html</a>
856 41 - ELECTRONIC LOCATION AND ACCESS
Materials specified Table of contents only
Uniform Resource Identifier <a href="http://www.loc.gov/catdir/enhancements/fy1104/2006936431-t.html">http://www.loc.gov/catdir/enhancements/fy1104/2006936431-t.html</a>
906 ## - LOCAL DATA ELEMENT F, LDF (RLIN)
a 7
b cbc
c orignew
d 3
e epcn
f 20
g y-gencatlg
942 ## - ADDED ENTRY ELEMENTS (KOHA)
Source of classification or shelving scheme
Koha item type Book
Holdings
Withdrawn status Lost status Damaged status Not for loan Collection code Permanent Location Current Location Shelving location Date acquired Total Checkouts Full call number Barcode Date last seen Price effective from Koha item type
          Centre for International Peace & Stability (CIPS) Centre for International Peace & Stability (CIPS) General Stacks 08/02/2013   909.82 DUI 2007 CIPS0000221 08/05/2013 08/05/2013 Book
© 2023 Central Library, National University of Sciences and Technology. All Rights Reserved.